000 00630nam a2200241Ia 4500
003 OSt
005 20221005085341.0
006 a|||||r|||| 00| 0
007 ta
008 221004b |||||||| |||| 00| 0 eng d
024 _a103608
037 _cTextual
040 _aCRL
_cCRL
_beng
041 _2eng
_aeng
082 _aB9:8, K1
100 _aSingh Jagjit
245 0 _aGreat ideas and theories of modern cosmology
260 _aNew York
_bDover Publications Inc.
_c1961
500 _aDSK Collection
650 _aMATHEMATICS
942 _hB9:8, K1
_cTEXL
_2cc
999 _c994095
_d994095